[Event "2R-LV-D.H. Conteneo Haitzak - Orvina A: 1'5-2'5"]
[Site "Bergara"]
[Date "2016.01.16"]
[Round "2.1"]
[White "Varas, Carlos"]
[Black "Garbisu De Goni, Unai"]
[Result "0-1"]
[WhiteElo "2302"]
[BlackElo "2420"]
[PlyCount "39"]
[EventDate "2016.01.09"]

1. e4 e5 2. Nf3 Nc6 3. Nc3 Nf6 4. d4 exd4 5. Nd5 Be7 6. Bc4 O-O 7. O-O Nxe4 8.
Re1 Nf6 9. Nxe7+ Nxe7 10. Qxd4 d6 11. Bg5 Nf5 12. Qc3 h6 13. Bf4 d5 14. Rad1 c6
15. Bd3 Nh5 16. Be5 f6 17. Bg3 Nhxg3 18. hxg3 Qb6 19. Bxf5 Bxf5 20. Qd4 {
(Ilegible)} 0-1

[Event "2R-LV-D.H. Conteneo Haitzak - Orvina A: 1'5-2'5"]
[Site "Bergara"]
[Date "2016.01.16"]
[Round "2.1"]
[White "Ortega Lopez, Mikel"]
[Black "Nava Pereda, Carlos"]
[Result "0-1"]
[WhiteElo "2299"]
[BlackElo "2262"]
[PlyCount "66"]
[EventDate "2016.01.09"]

1. e4 d5 2. exd5 Qxd5 3. Nc3 Qd6 4. d4 Nf6 5. Bg5 h6 6. Bh4 c6 7. Bc4 Bf5 8.
Nf3 Nbd7 9. Bb3 e6 10. Bg3 Qb4 11. O-O Be7 12. Ne5 Nxe5 13. dxe5 Rd8 14. Qe2
Nd5 15. Nxd5 cxd5 16. c3 Qa5 17. Bc2 Bxc2 18. Qxc2 O-O 19. f4 d4 20. cxd4 Rxd4
21. Rfd1 Rfd8 22. Rxd4 Rxd4 23. Qc8+ Rd8 24. Qxb7 Bc5+ 25. Kh1 Qxa2 26. Rf1 Qc4
27. Qf3 Rd3 28. Qe2 Qd5 29. Be1 g6 30. Bc3 h5 31. Re1 h4 32. Qe4 Qxe4 33. Rxe4
Bf2 0-1

[Event "2R-LV-D.H. Conteneo Haitzak - Orvina A: 1'5-2'5"]
[Site "Bergara"]
[Date "2016.01.16"]
[Round "2.1"]
[White "Arnaez Gil, Juan Ignacio"]
[Black "Rada Equiza, Miguel"]
[Result "1/2-1/2"]
[WhiteElo "2173"]
[BlackElo "2284"]
[PlyCount "69"]
[EventDate "2016.01.09"]

1. c4 e5 2. Nf3 d6 3. d4 Nd7 4. g3 Be7 5. Bg2 Ngf6 6. O-O O-O 7. Nc3 c6 8. h3
Re8 9. e4 Qc7 10. Re1 Nf8 11. Be3 a6 12. Rc1 b6 13. b4 a5 14. a3 N8d7 15. b5
Bb7 16. bxc6 Bxc6 17. Nd5 Bxd5 18. cxd5 Qb7 19. Nh4 Rac8 20. Nf5 Bf8 21. f4 g6
22. Nxd6 Bxd6 23. fxe5 Nxe5 24. dxe5 Bxe5 25. Bf4 Rxc1 26. Qxc1 Qb8 27. Qc6 Nh5
28. d6 Nxf4 29. d7 Rd8 30. gxf4 Bxf4 31. e5 Bxe5 32. Qd5 Qc7 33. Rxe5 Rxd7 34.
Re8+ Kg7 35. Qe5+ 1/2-1/2

[Event "2R-LV-D.H. Conteneo Haitzak - Orvina A: 1'5-2'5"]
[Site "Bergara"]
[Date "2016.01.16"]
[Round "2.1"]
[White "Navarrete Delgado, Sergio"]
[Black "Sadusea, Johnny"]
[Result "1-0"]
[WhiteElo "2248"]
[BlackElo "2078"]
[PlyCount "77"]
[EventDate "2016.01.09"]

1. e4 c5 2. Nf3 d6 3. d4 cxd4 4. Nxd4 Nf6 5. Nc3 a6 6. Be3 Ng4 7. Bc4 Nxe3 8.
fxe3 e6 9. O-O Be7 10. Rxf7 Kxf7 11. Qg4 Qd7 12. Nxe6 Qxe6 13. e5 dxe5 14.
Bxe6+ Bxe6 15. Qh5+ g6 16. Rf1+ Bf6 17. Qf3 Nd7 18. Ne4 Kg7 19. Nc5 Rae8 20.
Nxd7 Bxd7 21. Qxf6+ Kh6 22. Qh4+ Kg7 23. Qf6+ Kh6 24. Rf3 Bc8 25. Qh4+ Kg7 26.
Qf6+ Kh6 27. e4 Bd7 28. Rd3 Bc8 29. Rc3 Rhf8 30. Qh4+ Kg7 31. Rc7+ Rf7 32.
Rxf7+ Kxf7 33. Qxh7+ Kf6 34. Kf2 Rf8 35. Ke3 b5 36. Qh4+ Ke6 37. Qg5 Kf7 38.
Qxe5 Re8 39. Qc7+ 1-0

[Event "2R-LV-D.H. Batalla - San Juan 'A': 2.5-1.5"]
[Site "Bergara"]
[Date "2016.01.16"]
[Round "2.5"]
[White "Alonso Arburu, Juan Ignacio"]
[Black "Reinaldo Castineira, Roi"]
[Result "1-0"]
[WhiteElo "2366"]
[BlackElo "2493"]
[PlyCount "84"]
[EventDate "2016.01.09"]

1. d4 e6 2. c4 Nf6 3. Nc3 Bb4 4. Qc2 d5 5. a3 Bxc3+ 6. Qxc3 c5 7. dxc5 d4 8.
Qc2 a5 9. e3 Nc6 10. Nf3 e5 11. exd4 e4 12. d5 exf3 13. dxc6 O-O 14. gxf3 Qe8+
15. Be3 Qxc6 16. O-O-O Qxf3 17. Bd3 Bg4 18. Rde1 Bh5 19. Be2 Qh3 20. Bxh5 Qxh5
21. Rhg1 Rfe8 22. Bd4 Qxh2 23. Qf5 Rxe1+ 24. Rxe1 Re8 25. Rxe8+ Nxe8 26. Qe4
Nf6 27. Qxb7 Qf4+ 28. Kc2 h5 29. Bxf6 gxf6 30. Kb3 h4 31. c6 Qf3+ 32. Ka4 Kg7
33. Qd7 h3 34. c7 h2 35. c8=Q h1=Q 36. Qg4+ Qxg4 37. Qxg4+ Kh6 38. Qd4 Kg6 39.
Kxa5 f5 40. Kb6 f6 41. c5 Qa8 42. Qd6 Qf3 1-0

[Event "2R-LV-D.H. Batalla - San Juan 'A': 2.5-1.5"]
[Site "Bergara"]
[Date "2016.01.16"]
[Round "2.5"]
[White "Jimenez Almeida, Luis David"]
[Black "Cruz-Lopez Claret, Carlos"]
[Result "1/2-1/2"]
[WhiteElo "2179"]
[BlackElo "2304"]
[PlyCount "53"]
[EventDate "2016.01.09"]

1. d4 d5 2. c4 c6 3. Nf3 Nf6 4. Nc3 e6 5. Bg5 dxc4 6. e4 b5 7. e5 h6 8. Bh4 g5
9. Nxg5 hxg5 10. Bxg5 Nbd7 11. g3 Bb7 12. Bg2 Qb6 13. exf6 O-O-O 14. O-O c5 15.
d5 b4 16. Rb1 Qa6 17. dxe6 Bxg2 18. e7 Bxf1 19. Qd5 Bxe7 20. fxe7 Bd3 21. Ne4
Bxb1 22. Nd6+ Kc7 23. Bf4 Kb6 24. Nxc4+ Kb5 25. Nd6+ Kb6 26. Nc4+ Kb5 27. Nd6+
1/2-1/2

[Event "2R-LV-D.H. Batalla - San Juan 'A': 2.5-1.5"]
[Site "Bergara"]
[Date "2016.01.16"]
[Round "2.5"]
[White "Munoz Perez, Ivan"]
[Black "Martinez Fernandez De Arcaya"]
[Result "1-0"]
[WhiteElo "2257"]
[BlackElo "2226"]
[PlyCount "57"]
[EventDate "2016.01.09"]

1. e4 c6 2. d4 d5 3. Nd2 c5 4. exd5 Qxd5 5. Ngf3 cxd4 6. Bc4 Qc5 7. O-O Nc6 8.
a3 b5 9. b4 Qb6 10. Bd3 Nf6 11. Nb3 Bb7 12. Nfxd4 Nxd4 13. Nxd4 e6 14. Nb3 Qc6
15. f3 Qb6+ 16. Kh1 Rd8 17. Qe1 Nd5 18. Na5 Ba8 19. Bb2 h5 20. Be4 f5 21. Bxf5
Kf7 22. Be4 Qe3 23. Qg3 Qf4 24. Qg6+ Ke7 25. Bc1 Qf7 26. Qg5+ Qf6 27. c4 Qxg5
28. Bxg5+ Nf6 29. c5 {(Ilegible)} 1-0

[Event "2R-LV-D.H. Batalla - San Juan 'A': 2.5-1.5"]
[Site "Bergara"]
[Date "2016.01.16"]
[Round "2.5"]
[White "Bayo Milagro, Alvaro"]
[Black "Serras Uria, Antonio"]
[Result "1-0"]
[WhiteElo "2171"]
[BlackElo "2234"]
[PlyCount "91"]
[EventDate "2016.01.09"]

1. e4 c5 2. Nf3 Nc6 3. d4 cxd4 4. Nxd4 Nf6 5. Nc3 d6 6. Bg5 e6 7. Qd2 a6 8.
O-O-O h6 9. Be3 Be7 10. f3 Nxd4 11. Bxd4 b5 12. g4 b4 13. Na4 Rb8 14. b3 e5 15.
Ba7 Nd7 16. Kb1 Rb7 17. Be3 a5 18. h4 O-O 19. Bc4 Nc5 20. Nxc5 dxc5 21. Qxd8
Rxd8 22. Rxd8+ Bxd8 23. Bxc5 Be6 24. Bd6 Bxc4 25. bxc4 Bc7 26. c5 Bxd6 27. cxd6
Rd7 28. Rd1 f6 29. a3 Kf7 30. axb4 axb4 31. Kb2 Ke8 32. Kb3 Rb7 33. d7+ Kd8 34.
Rd2 Rb6 35. Kc4 Rb7 36. Rd5 Rb6 37. Kc5 Rb7 38. Kc4 Rb6 39. Kc5 Rb7 40. Rd6 b3
41. cxb3 Rxb3 42. Kd5 Rd3+ 43. Ke6 Rd4 44. h5 Rc4 45. Ra6 Kc7 46. Ra7+ 1-0

[Event "9R-LV-P.D. Orvina 'B - Billabona: 4-0"]
[Site "Bergara"]
[Date "2016.??.??"]
[Round "9.1"]
[White "Jimenez Martin, Gustavo"]
[Black "Guijarro Galan, Jose Luis"]
[Result "1-0"]
[WhiteElo "2219"]
[BlackElo "2152"]
[PlyCount "25"]
[EventDate "2016.01.10"]

1. d4 d5 2. Nc3 Nf6 3. Bg5 Nbd7 4. Qd3 c5 5. dxc5 e6 6. e4 Nxc5 7. Qd4 Ncxe4 8.
Nxe4 dxe4 9. Bxf6 Qa5+ 10. b4 Bxb4+ 11. c3 Bc5 12. Bb5+ Bd7 13. Qxc5 1-0

[Event "9R-LV-P.D. Orvina 'B - Billabona: 4-0"]
[Site "Bergara"]
[Date "2016.??.??"]
[Round "9.1"]
[White "Iraola Iraola, Unai"]
[Black "Mombiela Martinez, Gonzalo"]
[Result "0-1"]
[WhiteElo "1969"]
[BlackElo "2122"]
[PlyCount "148"]
[EventDate "2016.01.10"]

1. e4 d5 2. Nc3 dxe4 3. Nxe4 e5 4. Bc4 Bf5 5. Qf3 Bg6 6. h4 Nc6 7. Ng5 Nh6 8.
Bb5 Qf6 9. d3 Qxf3 10. N1xf3 Bd6 11. O-O O-O 12. Bxc6 bxc6 13. Bd2 Ng4 14. Bc3
h6 15. Ne4 f5 16. Nxd6 cxd6 17. Nd2 Rfe8 18. Rfe1 Bf7 19. f3 Nf6 20. Ba5 d5 21.
Bc7 Nd7 22. Nb3 Rac8 23. Ba5 c5 24. Rad1 c4 25. dxc4 Rxc4 26. Re2 Rxh4 27. Be1
Rc4 28. Na5 Rc7 29. Bg3 f4 30. Bf2 e4 31. Bd4 Bh5 32. c3 Rf8 33. Kf2 Nc5 34.
Bxc5 Rxc5 35. Nb3 Rb5 36. Rd4 g5 37. Ra4 Rf7 38. Nd4 Rb6 39. Ra5 Rd7 40. b3 g4
41. Re1 gxf3 42. gxf3 e3+ 43. Ke2 Rg6 44. Rc5 Rg2+ 45. Kd1 Kh7 46. Re2 Rg1+ 47.
Kc2 Bg6+ 48. Kb2 Bd3 49. Rh2 Rdg7 50. Ka3 R1g2 51. Rxg2 Rxg2 52. Rxd5 e2 53.
Re5 Rg5 54. Re7+ Rg7 55. Re5 Rg2 56. c4 Rg5 57. Re7+ Kg6 58. Nxe2 Bxe2 59. Rxe2
Rg3 60. Rf2 h5 61. c5 Kf6 62. Ka4 h4 63. c6 Ke6 64. c7 Kd7 65. Rc2 Kc8 66. Kb5
h3 67. Kc6 Rg6+ 68. Kd5 Rg2 69. Rc1 h2 70. Rh1 Re2 71. Kd6 a6 72. b4 Rxa2 73.
Kd5 Rb2 74. Kc4 Kxc7 0-1

[Event "9R-LV-P.D. Orvina 'B - Billabona: 4-0"]
[Site "Bergara"]
[Date "2016.??.??"]
[Round "9.1"]
[White "Monje Peinado, Roberto"]
[Black "Fuente San Sebastian, Ernesto"]
[Result "1-0"]
[WhiteElo "2041"]
[BlackElo "1853"]
[PlyCount "49"]
[EventDate "2016.01.10"]

1. d4 Nf6 2. c4 e5 3. dxe5 Ng4 4. Nf3 Bc5 5. e3 Nc6 6. Nc3 Ngxe5 7. Nxe5 Nxe5
8. Be2 O-O 9. O-O Re8 10. b3 Be7 11. Bb2 Bf6 12. Qc2 b6 13. Nd5 Bb7 14. f4 Ng6
15. Nxf6+ gxf6 16. Bf3 Bc6 17. Bxc6 dxc6 18. Rf3 Qe7 19. Rg3 Kf8 20. Qf5 Qe6
21. Qxe6 fxe6 22. Bxf6 Kf7 23. Bg5 Ne7 24. Rh3 Kg7 25. Rd1 1-0

[Event "9R-LV-P.D. Orvina 'B - Billabona: 4-0"]
[Site "Bergara"]
[Date "2016.??.??"]
[Round "9.1"]
[White "Parron Luceno, David"]
[Black "Hernandorena De La Cruz, Egoi"]
[Result "0-1"]
[WhiteElo "1523"]
[BlackElo "2050"]
[PlyCount "58"]
[EventDate "2016.01.10"]

1. b4 f5 2. Bb2 Nf6 3. e3 g6 4. Nf3 Bg7 5. c4 O-O 6. Qc2 d6 7. d3 e5 8. d4 e4
9. Nfd2 Qe7 10. Nc3 b6 11. d5 a5 12. b5 Nbd7 13. g3 Ng4 14. h3 Nge5 15. Be2 Nc5
16. Nb3 Ncd3+ 17. Bxd3 exd3 18. Qd1 Nxc4 19. Qc1 a4 20. Nd2 Nxb2 21. Qxb2 f4
22. Nde4 fxe3 23. fxe3 Qxe4 24. Nxe4 Bxb2 25. Rb1 a3 26. Kd2 Ra4 27. Ng5 Rf2+
28. Kxd3 Bd7 29. e4 Bxb5+ 0-1

[Event "9R-LV-P.D. Egidazu - Zornotza: 3'5-0'5"]
[Site "Bergara"]
[Date "2016.??.??"]
[Round "9.2"]
[White "Arnal Iturgaitz, Aitor"]
[Black "Arias Garcia, Luis Javier"]
[Result "1-0"]
[WhiteElo "2197"]
[BlackElo "2185"]
[PlyCount "71"]
[EventDate "2016.01.10"]

1. d4 Nf6 2. Nf3 g6 3. g3 Bg7 4. Bg2 O-O 5. O-O d6 6. a4 a5 7. Nbd2 c6 8. c3
Nbd7 9. e4 e5 10. Qc2 exd4 11. cxd4 Re8 12. b3 Nb6 13. Ba3 d5 14. e5 Bf5 15.
Qc1 Ne4 16. Nh4 Be6 17. Re1 g5 18. Nhf3 g4 19. Nh4 Bh6 20. f4 gxf3 21. Nhxf3
Ng5 22. Qc3 Nh3+ 23. Kh1 Nd7 24. Re2 Bg4 25. Rae1 Nf8 26. Bxf8 Rxf8 27. Bxh3
Bxh3 28. g4 Kh8 29. Rg1 f5 30. exf6 Qxf6 31. g5 Qf4 32. gxh6 Bg4 33. Rg3 Rae8
34. Rxe8 Rxe8 35. Ne5 Bh5 36. Qe3 1-0

[Event "9R-LV-P.D. Egidazu - Zornotza: 3'5-0'5"]
[Site "Bergara"]
[Date "2016.??.??"]
[Round "9.2"]
[White "Goiria Egidazu, Jon Asel"]
[Black "Ladron De Guevara Galar, Fco J"]
[Result "0-1"]
[WhiteElo "1980"]
[BlackElo "2135"]
[PlyCount "70"]
[EventDate "2016.01.10"]

1. e4 e5 2. Nf3 Nc6 3. Bb5 a6 4. Ba4 Nf6 5. O-O Be7 6. Qe2 b5 7. Bb3 O-O 8. c3
d5 9. d3 Bb7 10. Nbd2 h6 11. Re1 Re8 12. a3 Bf8 13. exd5 Nxd5 14. Ne4 Nb8 15.
d4 exd4 16. Bxd5 Qxd5 17. Nf6+ gxf6 18. Qxe8 Nd7 19. Qe2 d3 20. Qf1 Ne5 21.
Nxe5 fxe5 22. Be3 Rd8 23. f3 c5 24. Qf2 f5 25. Qg3+ Kh7 26. Qh3 Qf7 27. Qh4 Re8
28. Qf2 c4 29. Bc5 Bg7 30. a4 Bf6 31. axb5 axb5 32. Ra7 Rg8 33. Bd6 Qd5 34. Qb6
Rxg2+ 35. Kh1 Rg7 0-1

[Event "9R-LV-P.D. Egidazu - Zornotza: 3'5-0'5"]
[Site "Bergara"]
[Date "2016.??.??"]
[Round "9.2"]
[White "Landa Ceballos, Jose A"]
[Black "Sierra Lopez, Ceferino"]
[Result "1/2-1/2"]
[WhiteElo "2030"]
[BlackElo "1981"]
[PlyCount "110"]
[EventDate "2016.01.10"]

1. e4 e5 2. Nf3 Nc6 3. d4 exd4 4. Nxd4 Nxd4 5. Qxd4 Qf6 6. Qd3 Bc5 7. f4 Qd4 8.
Qf3 Nf6 9. Bd3 d6 10. c3 Qa4 11. Be3 Bg4 12. Qf1 Qd1+ 13. Kf2 Qxf1+ 14. Rxf1
Bxe3+ 15. Kxe3 Bd7 16. h3 O-O 17. Nd2 Rfe8 18. Kf2 Bc6 19. Rae1 Nd7 20. Nb3 b6
21. Re2 a5 22. Rfe1 g6 23. g4 Re7 24. Bc2 Kg7 25. h4 Nf6 26. g5 Nh5 27. f5 f6
28. Nd4 Bd7 29. Bb3 Nf4 30. Re3 Rae8 31. Rf3 Nh5 32. Be6 Bxe6 33. Nxe6+ Kf7 34.
a4 Ng7 35. fxg6+ Kxe6 36. gxf6 Rd7 37. fxg7 Rxg7 38. gxh7 Rxh7 39. Rf4 Reh8 40.
Rh1 Ke5 41. Kf3 Rh5 42. Rg4 d5 43. exd5 Kxd5 44. Rd1+ Kc6 45. Rdd4 b5 46. axb5+
Rxb5 47. b4 axb4 48. cxb4 Rhh5 49. Rc4+ Kb6 50. Rg6+ Kb7 51. Rg7 Kb8 52. Rgxc7
Rxh4 53. Rxh4 Kxc7 54. Ke3 Rd5 55. Ke4 Rd1 1/2-1/2

[Event "9R-LV-P.D. Zuri Baltza - Urnieta: 2'5-1'5"]
[Site "Bergara"]
[Date "2016.??.??"]
[Round "9.3"]
[White "Alberdi Sololuce, Paulo"]
[Black "Aguirre Canflanca, Josu"]
[Result "1-0"]
[WhiteElo "2231"]
[BlackElo "2210"]
[PlyCount "117"]
[EventDate "2016.01.10"]

1. c4 c5 2. g3 Nf6 3. Bg2 Nc6 4. Nc3 e6 5. Nf3 d5 6. cxd5 exd5 7. d4 Be7 8. O-O
O-O 9. Bg5 cxd4 10. Nxd4 h6 11. Bf4 Be6 12. Rc1 Qd7 13. Nxe6 fxe6 14. Bh3 Rad8
15. Qd3 Bd6 16. Bxd6 Qxd6 17. Nb5 Qe7 18. Nd4 Rd6 19. Nxc6 bxc6 20. Qa3 Qc7 21.
Qe3 Re8 22. Rc2 Kf7 23. Rfc1 Rc8 24. Qe5 Ke7 25. e3 Kf7 26. b4 Nd7 27. Qf4+ Kg8
28. Qd4 Qb6 29. Qh4 Ne5 30. Qe7 Rcd8 31. Bxe6+ Kh8 32. Bf5 Nc4 33. Bd3 Qxb4 34.
Qxa7 Ne5 35. Be2 Qe4 36. Qd4 Rf8 37. f4 Nf3+ 38. Bxf3 Qxf3 39. Rxc6 Rxc6 40.
Rxc6 Rb8 41. Rc1 Qe2 42. Qe5 Ra8 43. a4 Qa2 44. Rc7 Qb1+ 45. Kg2 Qg6 46. Qxd5
Re8 47. Qf7 Qe4+ 48. Kh3 Rg8 49. Re7 Qxa4 50. f5 Qc6 51. e4 Qb5 52. Qg6 Qf1+
53. Kh4 Qf2 54. h3 Qf3 55. e5 Qe4+ 56. g4 Qe1+ 57. Kh5 Qe3 58. h4 Qc5 59. f6
1-0

[Event "9R-LV-P.D. Zuri Baltza - Urnieta: 2'5-1'5"]
[Site "Bergara"]
[Date "2016.??.??"]
[Round "9.3"]
[White "Ortega Fuentes, Luis Angel"]
[Black "Fernandez Hernandez, Gerardo"]
[Result "1/2-1/2"]
[WhiteElo "2142"]
[BlackElo "2164"]
[PlyCount "70"]
[EventDate "2016.01.10"]

1. Nf3 Nf6 2. g3 g6 3. b3 Bg7 4. Bb2 O-O 5. Bg2 c5 6. c4 d5 7. cxd5 Nxd5 8.
Bxg7 Kxg7 9. O-O b6 10. d4 Bb7 11. dxc5 bxc5 12. Qc1 Nd7 13. Nc3 Rc8 14. Nxd5
Bxd5 15. Rd1 e6 16. Qc3+ Qf6 17. Qa5 Bxf3 18. exf3 Ne5 19. f4 Nd3 20. Be4 Nb2
21. Re1 c4 22. bxc4 Qd4 23. c5 Qxc5 24. Qxc5 Rxc5 25. Rab1 Rb8 26. Re3 Rcb5 27.
Rc3 Na4 28. Rxb5 Rxb5 29. Re3 Nc5 30. Bf3 a6 31. Be2 Rb6 32. Re5 Rc6 33. Bf3
Rc7 34. Be2 Rc6 35. Bf3 Rc7 1/2-1/2

[Event "9R-LV-P.D. Zuri Baltza - Urnieta: 2'5-1'5"]
[Site "Bergara"]
[Date "2016.??.??"]
[Round "9.3"]
[White "Besga Lopez, Jose Angel"]
[Black "Manso Marquez, Felix"]
[Result "1-0"]
[WhiteElo "2101"]
[BlackElo "2108"]
[PlyCount "61"]
[EventDate "2016.01.10"]

1. e4 e6 2. d4 d5 3. exd5 exd5 4. Bd3 Bd6 5. Ne2 Nc6 6. c3 Qh4 7. Be3 Nf6 8.
Nd2 Ng4 9. Nf3 Nxe3 10. Nxh4 Nxd1 11. Rxd1 Ne7 12. h3 O-O 13. f4 Re8 14. O-O
Bd7 15. Nf3 Nf5 16. Bxf5 Bxf5 17. Kf2 Re7 18. Ng3 Be4 19. Nxe4 dxe4 20. Ne5 e3+
21. Ke2 c5 22. Nc4 Bc7 23. dxc5 Re4 24. Nd6 Re6 25. Nb5 Bd8 26. Rd6 Re8 27. Rd7
Be7 28. Nc7 Bxc5 29. Nxa8 Rxa8 30. Rfd1 Bb6 31. Rxb7 1-0

[Event "9R-LV-P.D. Zuri Baltza - Urnieta: 2'5-1'5"]
[Site "Bergara"]
[Date "2016.??.??"]
[Round "9.3"]
[White "Corral Sierra, Javier"]
[Black "Hernandez Garcia, Maximo"]
[Result "1-0"]
[WhiteElo "2035"]
[BlackElo "2025"]
[PlyCount "79"]
[EventDate "2016.01.10"]

1. d4 Nf6 2. c4 g6 3. Nc3 Bg7 4. e4 d6 5. Nf3 O-O 6. Be2 Nc6 7. d5 Nb8 8. O-O
a5 9. Nd4 e5 10. Ndb5 Na6 11. Be3 Ne8 12. Na4 f5 13. f3 f4 14. Bf2 b6 15. a3
Rf7 16. Rb1 Bf8 17. b4 axb4 18. axb4 g5 19. c5 bxc5 20. bxc5 h5 21. cxd6 cxd6
22. Nb6 Rb8 23. Nxc8 Rxc8 24. Na7 Nc5 25. Nxc8 Qxc8 26. Rb4 Nf6 27. Qb1 g4 28.
Rb8 Qc7 29. Qb6 gxf3 30. Qxc7 Rxc7 31. gxf3 Ncd7 32. Ra8 Rc2 33. Bb5 Nc5 34.
Bh4 Nfd7 35. Rd8 Nf6 36. Bxf6 Kf7 37. Bh4 Nb3 38. Be8+ Kg7 39. Bxh5 Rb2 40. Rb8
1-0

[Event "9R-LV-P.D. Sestao EDP 'B - San Juan ‘B: 3-1"]
[Site "Bergara"]
[Date "2016.??.??"]
[Round "9.4"]
[White "Alonso Alonso, Ivan"]
[Black "Sanchez Carayol, Jesus Carlos"]
[Result "0-1"]
[WhiteElo "2135"]
[BlackElo "2121"]
[PlyCount "102"]
[EventDate "2016.01.10"]

1. e4 e5 2. Nf3 Nc6 3. d4 exd4 4. Nxd4 Qh4 5. Nb5 Bc5 6. Qf3 Nd4 7. Nxd4 Bxd4
8. Bc4 Nf6 9. c3 Bb6 10. Bf4 O-O 11. O-O d6 12. h3 Bd7 13. Nd2 Rae8 14. b4 a6
15. Rae1 h6 16. Bd3 Bc6 17. c4 Nh5 18. Be3 Bxe3 19. Qxe3 f5 20. b5 axb5 21.
cxb5 Bxe4 22. Nxe4 fxe4 23. Bxe4 Kh8 24. Qd4 Nf6 25. g3 Rxe4 26. gxh4 Rxd4 27.
Re7 Nd5 28. Rd7 Rxh4 29. b6 Nxb6 30. Rxc7 Rxh3 31. Rxb7 Nc4 32. Re1 Rf6 33.
Re8+ Kh7 34. Ree7 Rg6+ 35. Kf1 Rh1+ 36. Ke2 Ra1 37. Ra7 h5 38. f4 Rag1 39. f5
Rf6 40. Rf7 Rxf7 41. Rxf7 Rg2+ 42. Kf1 Ne3+ 43. Ke1 Kg8 44. Ra7 Nxf5 45. Ra5 g6
46. Kf1 Ne3+ 47. Ke1 h4 48. Ra8+ Kh7 49. Ra7+ Kh6 50. Ra8 Kg5 51. a4 h3 0-1

[Event "9R-LV-P.D. Sestao EDP 'B - San Juan ‘B: 3-1"]
[Site "Bergara"]
[Date "2016.??.??"]
[Round "9.4"]
[White "Aldave Aguado, Adrian"]
[Black "Wu Martin, Eneko"]
[Result "0-1"]
[WhiteElo "1907"]
[BlackElo "2030"]
[PlyCount "83"]
[EventDate "2016.01.10"]

1. d4 Nf6 2. c4 e5 3. dxe5 Ng4 4. e3 d6 5. Nh3 Nxe5 6. Nf4 g6 7. Be2 Bg7 8. Nc3
Nbc6 9. Nfd5 Ne7 10. O-O O-O 11. e4 Nxd5 12. Nxd5 Re8 13. Be3 c6 14. Nc3 Be6
15. c5 dxc5 16. Qxd8 Raxd8 17. Bxc5 b6 18. Be3 Bc4 19. b3 Bxe2 20. Nxe2 Ng4 21.
Bg5 f6 22. Bh4 Rxe4 23. Nc3 Re6 24. Rad1 Rxd1 25. Rxd1 g5 26. h3 Ne5 27. Bg3 f5
28. Bxe5 Bxe5 29. Rd8+ Kf7 30. Nd1 Rd6 31. Rxd6 Bxd6 32. g4 Ke6 33. Ne3 f4 34.
Nc2 Ke5 35. f3 c5 36. Kf1 c4 37. Ke2 a5 38. Kd2 b5 39. Kc1 cxb3 40. axb3 a4 41.
Kb2 axb3 42. Kxb3 0-1

[Event "9R-LV-P.D. Sestao EDP 'B - San Juan ‘B: 3-1"]
[Site "Bergara"]
[Date "2016.??.??"]
[Round "9.4"]
[White "Villacorta Nicolas, David"]
[Black "Blanco De La Rosa, Diego"]
[Result "1-0"]
[WhiteElo "2030"]
[BlackElo "1757"]
[PlyCount "131"]
[EventDate "2016.01.10"]

1. e4 e5 2. Nf3 Nc6 3. Bb5 Nge7 4. O-O g6 5. d3 d6 6. Re1 a6 7. Ba4 Bg7 8. Nc3
O-O 9. Bb3 Be6 10. Be3 Qd7 11. Bxe6 fxe6 12. Qd2 Nd4 13. Bxd4 exd4 14. Ne2 Nc6
15. Rf1 e5 16. Qg5 Nd8 17. h4 Ne6 18. Qg4 Qe7 19. Qh3 Nf4 20. Nxf4 Rxf4 21. h5
g5 22. g4 h6 23. Nd2 Qe6 24. f3 c6 25. Rf2 c5 26. Kg2 b5 27. a4 Rb8 28. b3 d5
29. exd5 Qxd5 30. Rff1 c4 31. bxc4 Qe6 32. axb5 axb5 33. Kg3 Bf8 34. Rab1 Bd6
35. Ne4 bxc4 36. Rxb8+ Bxb8 37. Qg2 Kf7 38. Rb1 Bc7 39. Qf1 cxd3 40. Qxd3 Kg7
41. Ra1 Rf7 42. Ra6 Bb6 43. Qb3 Rb7 44. Nd2 e4 45. Qc4 Qd6+ 46. Kg2 exf3+ 47.
Nxf3 Rc7 48. Qb3 Rc6 49. Qd3 Qc5 50. Kh3 Re6 51. Qf5 Qc6 52. Ne5 Rxe5 53. Qxe5+
Kg8 54. Qb8+ Kf7 55. Qa7+ Kg8 56. Qa8+ Qxa8 57. Rxa8+ Kg7 58. Ra6 Bc5 59. Rg6+
Kh7 60. Kg2 Ba7 61. Kf3 Bb8 62. Ke4 Ba7 63. Rd6 Bc5 64. Rd7+ Kg8 65. Rxd4 Bxd4
66. Kxd4 1-0

[Event "9R-LV-P.D. Sestao EDP 'B - San Juan ‘B: 3-1"]
[Site "Bergara"]
[Date "2016.??.??"]
[Round "9.4"]
[White "Uriz Elizalde, Jesus"]
[Black "Estefano Rilova, Fernando"]
[Result "0-1"]
[WhiteElo "1543"]
[BlackElo "1886"]
[PlyCount "102"]
[EventDate "2016.01.10"]

1. e4 c5 2. Nf3 e6 3. d4 cxd4 4. Nxd4 Nf6 5. Nc3 Nc6 6. Be3 Bb4 7. Nxc6 bxc6 8.
Bd3 d5 9. Bd4 c5 10. Bxf6 Qxf6 11. O-O c4 12. Nb5 O-O 13. Be2 Bb7 14. c3 Bc5
15. exd5 a6 16. Nd4 Bxd5 17. Bf3 Rfd8 18. Bxd5 Rxd5 19. Qa4 Bxd4 20. cxd4 Qxd4
21. Rad1 Qc5 22. Rfe1 h6 23. h3 a5 24. Rxd5 Qxd5 25. Rd1 Qc5 26. Rd2 c3 27.
bxc3 Qxc3 28. Rc2 Qe1+ 29. Kh2 Qe5+ 30. Kg1 Rd8 31. Rc1 Qb2 32. Qc2 Rd2 33.
Qxb2 Rxb2 34. Rc8+ Kh7 35. Ra8 Rxa2 36. Kf1 a4 37. g3 a3 38. h4 Kg6 39. Ra5 Kf6
40. Kg2 e5 41. g4 Ra1 42. Ra6+ Ke7 43. Ra7+ Ke6 44. Ra5 Kd6 45. Ra7 Ke6 46.
Ra6+ Kd5 47. Ra7 a2 48. Kf3 e4+ 49. Ke2 e3 50. Kf3 exf2 51. Kxf2 Rh1 0-1

[Event "9R-LV-P.D. Barakaldo – Abadiño: 1-3"]
[Site "Bergara"]
[Date "2016.??.??"]
[Round "9.5"]
[White "Lozoya Rodriguez, Alberto"]
[Black "Sarralde Osua, Rodrigo"]
[Result "1/2-1/2"]
[WhiteElo "2181"]
[BlackElo "2372"]
[PlyCount "75"]
[EventDate "2016.01.10"]

1. c4 e5 2. g3 Nc6 3. Bg2 Nf6 4. Nc3 Bb4 5. Nd5 Bc5 6. e3 d6 7. Ne2 Nxd5 8.
cxd5 Ne7 9. O-O O-O 10. d4 exd4 11. Nxd4 Nf5 12. Nb3 Bb6 13. Bd2 Ne7 14. Bc3
Bf5 15. a4 a6 16. e4 Bg6 17. h4 f5 18. a5 Ba7 19. h5 Be8 20. Nd4 Bd7 21. Ne6
Bxe6 22. dxe6 Nc6 23. h6 gxh6 24. exf5 Rxf5 25. e7 Nxe7 26. Qg4+ Kf8 27. Qg7+
Ke8 28. Rae1 Rf7 29. Qxh6 d5 30. b4 Qd7 31. Bf6 Qf5 32. Rxe7+ Rxe7 33. Bxe7
Kxe7 34. Re1+ Kf7 35. Bxd5+ Qxd5 36. Qxh7+ Kf8 37. Qh6+ Kf7 38. Qh7+ 1/2-1/2

[Event "9R-LV-P.D. Barakaldo – Abadiño: 1-3"]
[Site "Bergara"]
[Date "2016.??.??"]
[Round "9.5"]
[White "Prieto Aranguren, Alain"]
[Black "Carasa Del Portillo, Mikel"]
[Result "1-0"]
[WhiteElo "2222"]
[BlackElo "1997"]
[PlyCount "142"]
[EventDate "2016.01.10"]

1. Nf3 d5 2. g3 c6 3. Bg2 Nf6 4. O-O Bf5 5. d3 Nbd7 6. Nbd2 e6 7. Qe1 Be7 8. e4
dxe4 9. dxe4 Bg6 10. Qe2 O-O 11. b3 Qc7 12. Bb2 Rfe8 13. Rad1 Rad8 14. h3 Bc5
15. Kh2 h6 16. e5 Nd5 17. Ne4 Bxe4 18. Qxe4 Qa5 19. a3 Bxa3 20. Ra1 Qb4 21.
Qxb4 Bxb4 22. Rxa7 Rb8 23. Bd4 Nc3 24. Raa1 Ra8 25. Ng1 Red8 26. f4 Nc5 27. Nf3
Kf8 28. Bg1 Ke7 29. Nd4 N3e4 30. f5 Bc3 31. Rxa8 Rxa8 32. Rf4 exf5 33. Nxf5+
Ke6 34. Rxe4 Nxe4 35. Bxe4 Bxe5 36. Nd4+ Bxd4 37. Bxd4 f5 38. Bd3 g6 39. Kg2 b5
40. Kf2 Kd5 41. Be3 Rh8 42. h4 Ke5 43. Bd2 Rh7 44. Bc3+ Kd5 45. Kg2 Rf7 46. Bb2
Ke6 47. b4 Kd5 48. Bc1 Kd4 49. Be3+ Kd5 50. Kf3 h5 51. Kf4 Re7 52. c3 Re6 53.
Bc2 Kd6 54. Bc5+ Kd7 55. Kg5 Re2 56. Bb3 Rg2 57. Kf4 Re2 58. Be3 Ke7 59. Bd1
Re1 60. Bf3 Rf1 61. Bd4 Kd6 62. Bc5+ Kd7 63. Ke3 Re1+ 64. Kf2 Re6 65. Bd1 Re4
66. Be3 Kd6 67. Bb3 Ke7 68. Bc2 Re6 69. Kf3 Kd6 70. Bb3 Rf6 71. Bd4 Rf8 1-0

[Event "9R-LV-P.D. Barakaldo – Abadiño: 1-3"]
[Site "Bergara"]
[Date "2016.??.??"]
[Round "9.5"]
[White "Urbieta Gabancho, Koldo"]
[Black "Galzagorri Uli, Yeray"]
[Result "0-1"]
[WhiteElo "1938"]
[BlackElo "2219"]
[PlyCount "64"]
[EventDate "2016.01.10"]

1. Nf3 f5 2. e4 fxe4 3. Ng5 Nf6 4. d3 e3 5. fxe3 g6 6. Be2 Bg7 7. O-O O-O 8.
Nc3 e5 9. d4 exd4 10. exd4 d5 11. Bf4 Nc6 12. Be5 h6 13. Nf3 Be6 14. b4 Ne4 15.
Na4 Nxe5 16. Nxe5 Qg5 17. Qc1 Rxf1+ 18. Bxf1 Bxe5 19. dxe5 Qxe5 20. Qd1 Rf8 21.
Nc5 Nxc5 22. bxc5 Qe3+ 23. Kh1 Qxc5 24. Bd3 Rf6 25. Qe1 Bf7 26. Qg3 Qd6 27. Qh3
Kg7 28. Qc8 b6 29. Qa6 c5 30. Qxa7 c4 31. Be2 Qe5 32. Re1 Qxe2 0-1